[Event "Hoogeveen op 22nd"]
[Site "Hoogeveen"]
[Date "2018.10.25"]
[Round "7"]
[White "Jelic, Bruno"]
[Black "Emans, Job"]
[Result "1-0"]
[WhiteElo "2076"]
[BlackElo "1927"]
[PlyCount "103"]
[EventDate "2018.10.20"]
[EventType "swiss"]
[EventRounds "9"]
[EventCountry "NED"]
[SourceTitle "CBM 187 Extra"]
[Source "ChessBase"]
[SourceDate "2018.11.04"]
[SourceVersion "1"]
[SourceVersionDate "2018.11.04"]
[SourceQuality "1"]

1. d4 Nf6 2. c4 e6 3. Nf3 b6 4. a3 Bb7 5. Nc3 d5 6. cxd5 Nxd5 7. Qc2 c5 8. e4 Nf6 9. Bb5+ Nbd7 10. dxc5 Bxc5 11. Bg5 a6 12. Be2 Qc7 13. Rc1 Rc8 14. 0-0 0-0 15. Bd3 Ne5 16. Qe2 Nxd3 17. Qxd3 Rfd8 18. Qe2 h6 19. Bxf6 gxf6 20. b4 Bd6 21. g3 Qc4 22. Qe3 Kg7 23. Nd5 Qb5 24. Nd4 Qe8 25. Nxb6 Rxc1 26. Rxc1 Be5 27. Nf3 Bb2 28. Rb1 Bxa3 29. Nc4 Qc6 30. Nxa3 Qxe4 31. Qxe4 Bxe4 32. Rb3 Rd1+ 33. Kg2 Rc1 34. g4 h5 35. gxh5 Kh6 36. b5 axb5 37. Nxb5 Kxh5 38. Nc3 Bd3 39. Na2 Bf1+ 40. Kg3 Ra1 41. Nc3 Bd3 42. h4 Rh1 43. Rb8 e5 44. Nd5 Bf1 45. Rh8+ Kg6 46. Rg8+ Kh6 47. Nxf6 Rh3+ 48. Kg4 Rh1 49. Ng5 Bc4 50. Kf5 Re1 51. Ng4+ Kh5 52. Rh8# 1-0

[Event "Hoogeveen op 22nd"]
[Site "Hoogeveen"]
[Date "2018.10.24"]
[Round "6"]
[White "De Vries, Emma"]
[Black "Jelic, Bruno"]
[Result "0-1"]
[WhiteElo "1905"]
[BlackElo "2076"]
[PlyCount "68"]
[EventDate "2018.10.20"]
[EventType "swiss"]
[EventRounds "9"]
[EventCountry "NED"]
[SourceTitle "CBM 187 Extra"]
[Source "ChessBase"]
[SourceDate "2018.11.04"]
[SourceVersion "1"]
[SourceVersionDate "2018.11.04"]
[SourceQuality "1"]

1. e4 g6 2. d4 d6 3. Nc3 Bg7 4. Be3 a6 5. Qd2 b5 6. a3 Bb7 7. f3 Nd7 8. g4 Rc8 9. Bg2 c5 10. Nge2 cxd4 11. Bxd4 Ngf6 12. h4 0-0 13. g5 Nh5 14. Bxg7 Nxg7 15. Ng3 Ne5 16. 0-0-0 Nc4 17. Qe1 Qc7 18. Bh3 e6 19. Rd3 Qc6 20. Nge2 Ne5 21. Re3 Qc5 22. Qg1 b4 23. axb4 Qxb4 24. Nb1 Nxf3 25. Rxf3 Bxe4 26. Nd4 Bxf3 27. Nxf3 Rb8 28. Qd4 Rfc8 29. Rd1 Rc4 30. Qxd6 Qxb2+ 31. Kd2 Rxc2+ 32. Ke3 Re2+ 33. Kf4 Nh5+ 34. Kg4 Re4+ 0-1

[Event "Hoogeveen op 22nd"]
[Site "Hoogeveen"]
[Date "2018.10.23"]
[Round "5"]
[White "Maters, Arthur"]
[Black "Jelic, Bruno"]
[Result "1-0"]
[WhiteElo "1933"]
[BlackElo "2076"]
[PlyCount "111"]
[EventDate "2018.10.20"]
[EventType "swiss"]
[EventRounds "9"]
[EventCountry "NED"]
[SourceTitle "CBM 187 Extra"]
[Source "ChessBase"]
[SourceDate "2018.11.04"]
[SourceVersion "1"]
[SourceVersionDate "2018.11.04"]
[SourceQuality "1"]

1. e4 g6 2. d4 Bg7 3. Nc3 d6 4. Bc4 Nf6 5. Qe2 c6 6. e5 dxe5 7. dxe5 Nd5 8. Bd2 0-0 9. f4 Be6 10. Nf3 Nxc3 11. Bxc3 Bxc4 12. Qxc4 Qd5 13. Qe2 c5 14. 0-0 e6 15. Rfd1 Qc6 16. Ng5 Na6 17. Ne4 Rad8 18. Rf1 Nc7 19. g4 Nd5 20. g5 Nxc3 21. bxc3 Rd5 22. Rf3 Rfd8 23. Rh3 c4 24. Re1 b5 25. Qg4 Qd7 26. Kf2 Rd1 27. Re2 Rc1 28. Nd6 Qc6 29. Rhe3 Qh1 30. Qg2 Qd1 31. Kg3 a6 32. Qb7 Qg1+ 33. Kh4 Rf1 34. Qxf7+ Kh8 35. Rg3 Qb6 36. Ne8 Rxf4+ 37. Qxf4 Rxe8 38. Qe3 Qd8 39. Rd2 Qe7 40. Kh3 Rf8 41. Rf3 Rc8 42. Rdf2 Qc7 43. Rf7 Qb8 44. Rd7 Qxe5 45. Qxe5 Bxe5 46. Rff7 Bxc3 47. Rxh7+ Kg8 48. Rhe7 e5 49. Rg7+ Kf8 50. Rxg6 e4 51. Re6 Re8 52. Rdd6 Rxe6 53. Rxe6 Bd2 54. Rxe4 Bxg5 55. Re6 a5 56. Re5 1-0

[Event "Hoogeveen op 22nd"]
[Site "Hoogeveen"]
[Date "2018.10.22"]
[Round "4"]
[White "Jelic, Bruno"]
[Black "Husers, Yannic"]
[Result "1/2-1/2"]
[WhiteElo "2076"]
[BlackElo "1866"]
[PlyCount "85"]
[EventDate "2018.10.20"]
[EventType "swiss"]
[EventRounds "9"]
[EventCountry "NED"]
[SourceTitle "CBM 187 Extra"]
[Source "ChessBase"]
[SourceDate "2018.11.04"]
[SourceVersion "1"]
[SourceVersionDate "2018.11.04"]
[SourceQuality "1"]

1. d4 Nf6 2. c4 e6 3. Nf3 c5 4. Nc3 b6 5. d5 d6 6. e4 Be7 7. Be2 0-0 8. 0-0 a6 9. a4 Nbd7 10. h3 Re8 11. Bf4 e5 12. Bh2 Nf8 13. Ne1 g5 14. Nc2 Ng6 15. Ne3 Bf8 16. Ng4 Bg7 17. Nxf6+ Bxf6 18. Ra3 Kh8 19. Bg4 Rg8 20. Ne2 Bxg4 21. hxg4 Qd7 22. Ng3 b5 23. Qf3 Nf4 24. b3 Rgb8 25. Nf5 Bg7 26. Bxf4 exf4 27. g3 Be5 28. gxf4 Bxf4 29. Kg2 bxc4 30. bxc4 Rb4 31. Rh1 f6 32. Rh6 Rf8 33. Ra1 Rxc4 34. Rah1 Rf7 35. Qh3 Rxe4 36. Qh5 Be5 37. Qg6 Rxg4+ 38. Kf1 Rxa4 39. Rxh7+ Rxh7 40. Rxh7+ Qxh7 41. Qe8+ Qg8 42. Qh5+ Qh7 43. Qe8+ 1/2-1/2

[Event "Groningen Combinatie op"]
[Site "Groningen"]
[Date "2018.05.13"]
[Round "7"]
[White "Geurink, Jasper"]
[Black "Jelic, Bruno"]
[Result "1-0"]
[WhiteElo "2361"]
[BlackElo "2030"]
[PlyCount "47"]
[EventDate "2018.05.10"]
[EventType "swiss"]
[EventRounds "7"]
[EventCountry "NED"]
[SourceTitle "CBM 184 Extra"]
[Source "ChessBase"]
[SourceDate "2018.06.28"]
[SourceVersion "1"]
[SourceVersionDate "2018.06.28"]
[SourceQuality "1"]

1. e4 g6 2. d4 Bg7 3. c3 d6 4. Nf3 Nf6 5. Bd3 0-0 6. 0-0 c5 7. dxc5 dxc5 8. Qe2 Nc6 9. h3 e5 10. Bg5 h6 11. Bxf6 Qxf6 12. Nbd2 g5 13. Nh2 Ne7 14. Ng4 Qc6 15. Rfe1 Ng6 16. g3 Qd7 17. Bb5 Qe6 18. Bc4 Qd7 19. Nf1 h5 20. Rad1 Qe7 21. Nge3 Bxh3 22. Qxh5 Bxf1 23. Rxf1 Nh8 24. Nf5 1-0

[Event "Groningen Combinatie op"]
[Site "Groningen"]
[Date "2018.05.13"]
[Round "6"]
[White "Jelic, Bruno"]
[Black "Hilwerda, Jonas"]
[Result "1-0"]
[WhiteElo "2030"]
[BlackElo "2130"]
[PlyCount "77"]
[EventDate "2018.05.10"]
[EventType "swiss"]
[EventRounds "7"]
[EventCountry "NED"]
[SourceTitle "CBM 184 Extra"]
[Source "ChessBase"]
[SourceDate "2018.06.28"]
[SourceVersion "1"]
[SourceVersionDate "2018.06.28"]
[SourceQuality "1"]

1. d4 Nf6 2. c4 e6 3. Nf3 b6 4. a3 Ba6 5. Qb3 d5 6. cxd5 Qxd5 7. Qxd5 Nxd5 8. g3 c5 9. Bg2 Nc6 10. Nc3 cxd4 11. Nxd5 exd5 12. Bf4 d3 13. Rc1 Na5 14. exd3 Bxd3 15. Ng5 Rd8 16. Rc7 Be7 17. Kd2 Be4 18. Nxe4 dxe4+ 19. Kc2 Rd7 20. Bxe4 Rxc7+ 21. Bxc7 Kd7 22. Bf4 Nc4 23. Bd5 Rc8 24. Kb3 Nd6 25. Rd1 f6 26. h4 h6 27. Re1 Rc5 28. Be6+ Kc6 29. Bh3 Bf8 30. Re6 Kd5 31. Re2 Kc6 32. Ka2 a5 33. Bg2+ Kc7 34. Re8 g5 35. Rxf8 gxf4 36. Rxf6 fxg3 37. fxg3 h5 38. Rg6 Nf5 39. Rg5 1-0

[Event "Groningen op-B 55th"]
[Site "Groningen"]
[Date "2017.12.29"]
[Round "8"]
[White "Akotchik, Victor"]
[Black "Jelic, Bruno"]
[Result "1-0"]
[WhiteElo "2059"]
[BlackElo "2059"]
[PlyCount "101"]
[EventDate "2017.12.22"]
[EventType "swiss"]
[EventRounds "9"]
[EventCountry "NED"]
[SourceTitle "CBM 182 Extra"]
[Source "ChessBase"]
[SourceDate "2018.02.23"]
[SourceVersion "1"]
[SourceVersionDate "2018.02.23"]
[SourceQuality "1"]

1. e4 d6 2. d4 Nf6 3. Nc3 g6 4. Nf3 Bg7 5. Be3 0-0 6. Qd2 Bg4 7. Be2 Nc6 8. d5 Bxf3 9. gxf3 Ne5 10. 0-0-0 c6 11. h4 h5 12. Rhg1 cxd5 13. Nxd5 Nxd5 14. Qxd5 Qc7 15. f4 Rfc8 16. Qb3 Nc4 17. Bxc4 Qxc4 18. f5 Kh7 19. fxg6+ fxg6 20. Rd5 Qxb3 21. axb3 Bf6 22. f4 Bxh4 23. f5 g5 24. e5 Rf8 25. e6 b6 26. Kd2 Kh6 27. Kd3 Rg8 28. Ke4 Kh7 29. c3 Kg7 30. Bd4+ Kh6 31. f6 exf6 32. Bxf6 Rg6 33. Rf5 Re8 34. Kd5 Rxf6 35. Rxf6+ Kg7 36. Rf7+ Kg6 37. Rxa7 g4 38. Kxd6 Bf6 39. Rb7 Rd8+ 40. Rd7 Re8 41. b4 Kg5 42. Rf7 Rd8+ 43. Kc6 Re8 44. Kd5 Rd8+ 45. Rd7 Rg8 46. Ke4 h4 47. Rd5+ Kh6 48. Kf5 g3 49. Kxf6 h3 50. Rd3 h2 51. Rh1 1-0

[Event "Groningen op-B 55th"]
[Site "Groningen"]
[Date "2017.12.24"]
[Round "4"]
[White "Jelic, Bruno"]
[Black "Oord, Raymon"]
[Result "0-1"]
[WhiteElo "2059"]
[BlackElo "1873"]
[PlyCount "66"]
[EventDate "2017.12.22"]
[EventType "swiss"]
[EventRounds "9"]
[EventCountry "NED"]
[SourceTitle "CBM 182 Extra"]
[Source "ChessBase"]
[SourceDate "2018.02.23"]
[SourceVersion "1"]
[SourceVersionDate "2018.02.23"]
[SourceQuality "1"]

1. d4 d5 2. c4 e6 3. Nc3 Nf6 4. cxd5 exd5 5. Bg5 Be7 6. e3 c6 7. Qc2 Nbd7 8. Bd3 h6 9. Bh4 Nh5 10. Bxe7 Qxe7 11. Nge2 Nb6 12. h3 Bd7 13. 0-0-0 0-0-0 14. Kb1 Kb8 15. Na4 Nxa4 16. Qxa4 f5 17. Qb3 Nf6 18. Nc3 Ne4 19. Bxe4 fxe4 20. Na4 Bc8 21. Rc1 Rd6 22. Qb4 Re6 23. Nc5 Re8 24. Rc3 Rf6 25. Rhc1 b6 26. Rb3 Bb7 27. a4 bxc5 28. Rxc5 Ka8 29. a5 Qc7 30. a6 Bxa6 31. Ra5 Bd3+ 32. Kc1 Rb8 33. Qa4 Rxb3 0-1

[Event "Groningen op-B 55th"]
[Site "Groningen"]
[Date "2017.12.22"]
[Round "1"]
[White "Waardenburg, Feline"]
[Black "Jelic, Bruno"]
[Result "0-1"]
[WhiteElo "1658"]
[BlackElo "2059"]
[PlyCount "44"]
[EventDate "2017.12.22"]
[EventType "swiss"]
[EventRounds "9"]
[EventCountry "NED"]
[SourceTitle "CBM 182 Extra"]
[Source "ChessBase"]
[SourceDate "2018.02.23"]
[SourceVersion "1"]
[SourceVersionDate "2018.02.23"]
[SourceQuality "1"]

1. d4 g6 2. c4 Bg7 3. Nc3 d6 4. e4 Nc6 5. Nge2 e5 6. d5 Nce7 7. f3 f5 8. b4 Nf6 9. Bb2 0-0 10. Qd2 fxe4 11. Nxe4 Nf5 12. N2g3 Bh6 13. Qd3 a5 14. b5 b6 15. Be2 Ne3 16. Rg1 Nxe4 17. Nxe4 Qh4+ 18. Kd2 Nxg2+ 19. Kc3 Nf4 20. Qc2 Qxh2 21. Ng3 Nxe2+ 22. Nxe2 Rxf3+ 0-1

[Event "Groningen op compact-A 51st"]
[Site "Groningen"]
[Date "2013.12.27"]
[Round "2"]
[White "Jelic, Bruno"]
[Black "Nicolai, Amir"]
[Result "0-1"]
[WhiteElo "2185"]
[BlackElo "2051"]
[PlyCount "122"]
[EventDate "2013.12.26"]
[EventType "swiss"]
[EventRounds "5"]
[EventCountry "NED"]
[SourceTitle "CBM 158 Extra"]
[Source "ChessBase"]
[SourceDate "2014.02.28"]
[SourceVersion "1"]
[SourceVersionDate "2014.02.28"]
[SourceQuality "1"]

1. d4 Nf6 2. c4 e6 3. g3 d5 4. Nf3 c6 5. Nbd2 Nbd7 6. Bg2 b6 7. 0-0 Bb7 8. e4 dxc4 9. Nxc4 b5 10. Nce5 Nxe5 11. Nxe5 c5 12. Qb3 a6 13. dxc5 Bxc5 14. Bg5 Qb6 15. Rad1 Nxe4 16. Qd3 Nd6 17. Bxb7 Qxb7 18. Be3 Bxe3 19. Qxd6 Bg5 20. Nc6 Rc8 21. Na5 Qa7 22. Nc6 Qc7 23. Ne5 Qxd6 24. Rxd6 Bf6 25. f4 Bxe5 26. fxe5 0-0 27. Rxa6 Rc5 28. Re1 Rd8 29. Re2 h5 30. Ra7 Rd1+ 31. Kg2 Rcd5 32. Rf2 Rd7 33. Rxd7 Rxd7 34. b3 Rd5 35. Re2 Kf8 36. Kh3 Rd4 37. Kg2 Rd3 38. Kh3 Rd4 39. Kg2 Rd3 40. h4 Ke7 41. Rc2 Kd7 42. Kh3 Rd5 43. Re2 f5 44. Kg2 Kc6 45. Kf3 Rd4 46. Rc2+ Kd5 47. Rc7 Rd3+ 48. Kf4 Rd4+ 49. Ke3 Rg4 50. Kf3 b4 51. a4 bxa3 52. Ra7 Kxe5 53. Rxa3 Rb4 54. Ke3 Kf6 55. Kd3 g5 56. Kc3 Rg4 57. hxg5+ Kxg5 58. b4 Rxg3+ 59. Kb2 Rxa3 60. Kxa3 h4 61. b5 h3 0-1

[Event "Groningen op-B"]
[Site "Groningen"]
[Date "2008.12.30"]
[Round "9"]
[White "Jelic, Bruno"]
[Black "Maris, Ivo"]
[Result "1-0"]
[WhiteElo "2075"]
[BlackElo "1806"]
[PlyCount "99"]
[EventDate "2008.12.21"]
[EventType "swiss"]
[EventRounds "9"]
[EventCountry "NED"]
[SourceTitle "CBM 127 Extra"]
[Source "ChessBase"]
[SourceDate "2009.01.08"]
[SourceVersion "2"]
[SourceVersionDate "2009.01.28"]
[SourceQuality "1"]

1. d4 c5 2. c3 cxd4 3. cxd4 g6 4. g3 Bg7 5. Nf3 Nf6 6. Bg2 0-0 7. 0-0 d6 8. Nc3 a6 9. e4 Qb6 10. e5 dxe5 11. dxe5 Ng4 12. Nd5 Qd8 13. Bg5 Nc6 14. Nxe7+ Nxe7 15. Qxd8 Rxd8 16. Bxe7 Re8 17. Bd6 Bd7 18. Rfe1 Bc6 19. h3 Bxf3 20. hxg4 Bxg2 21. Kxg2 Rac8 22. Rac1 Rcd8 23. f4 Rd7 24. Red1 Red8 25. Kf3 Bf8 26. Rd5 Bxd6 27. Rcd1 Kf8 28. Rxd6 Rxd6 29. Rxd6 Rc8 30. Rd7 Rb8 31. e6 fxe6 32. Rxh7 Kg8 33. Rc7 Kf8 34. Ke4 b5 35. Ke5 Rb6 36. Kf6 Kg8 37. Kxg6 e5+ 38. Kf5 exf4 39. gxf4 Rd6 40. g5 Rd2 41. g6 Rf2 42. Kg5 Rg2+ 43. Kf6 Rxg6+ 44. Kxg6 Kf8 45. b4 a5 46. bxa5 b4 47. a6 Ke8 48. a7 Kd8 49. Rf7 b3 50. a8Q# 1-0

[Event "Groningen op-B"]
[Site "Groningen"]
[Date "2008.12.22"]
[Round "2"]
[White "Warmelink, Evie"]
[Black "Jelic, Bruno"]
[Result "0-1"]
[WhiteElo "1914"]
[BlackElo "2075"]
[PlyCount "118"]
[EventDate "2008.12.21"]
[EventType "swiss"]
[EventRounds "9"]
[EventCountry "NED"]
[SourceTitle "CBM 127 Extra"]
[Source "ChessBase"]
[SourceDate "2009.01.08"]
[SourceVersion "2"]
[SourceVersionDate "2009.01.28"]
[SourceQuality "1"]

1. e4 c5 2. Nc3 e6 3. g3 Nc6 4. Bg2 g6 5. d3 Bg7 6. Be3 d6 7. Qd2 Rb8 8. f4 Nge7 9. Nf3 Nd4 10. 0-0 0-0 11. Rae1 b5 12. Nh4 a5 13. Nd1 f5 14. c3 Ndc6 15. Nf3 b4 16. e5 bxc3 17. Nxc3 Nd5 18. Bf2 dxe5 19. Bxc5 e4 20. dxe4 Nxc3 21. Bxf8 Qxd2 22. Nxd2 Bd4+ 23. Kh1 Rxb2 24. Nc4 Rxg2 25. Kxg2 Kxf8 26. Nd6 Ba6 27. Rf3 fxe4 28. Nxe4 Nxe4 29. Rxe4 Bc4 30. Rxd4 Nxd4 31. Ra3 Nc6 32. Kf2 Ke7 33. Rc3 Bd5 34. Ke3 Kd6 35. a3 a4 36. Rc2 Bb3 37. Rc3 Na7 38. Rc1 Nb5 39. Ra1 Kd5 40. Kd3 Nd6 41. Re1 Nc4 42. Ra1 Nb2+ 43. Kc3 Nd1+ 44. Kd3 e5 45. fxe5 Kxe5 46. Rc1 Nb2+ 47. Kc3 Nc4 48. Kb4 Ne3 49. Kc3 Ke4 50. Rb1 Nc2 51. Kb2 h5 52. Rg1 Ne3 53. Kc3 Kf3 54. Re1 Kf2 55. Rb1 Kg2 56. Re1 Nd5+ 57. Kb2 Kxh2 58. Re6 Kxg3 59. Rxg6+ Kf4 0-1

[Event "Groningen Harmonie op-B"]
[Site "Groningen"]
[Date "2007.12.28"]
[Round "7"]
[White "Jelic, Bruno"]
[Black "Ringoir, Guy"]
[Result "0-1"]
[WhiteElo "2064"]
[BlackElo "1938"]
[PlyCount "66"]
[EventDate "2007.12.21"]
[EventType "swiss"]
[EventRounds "9"]
[EventCountry "NED"]
[SourceTitle "CBM 121 Extra"]
[Source "ChessBase"]
[SourceDate "2008.01.10"]
[SourceVersion "1"]
[SourceVersionDate "2008.01.10"]
[SourceQuality "1"]

1. d4 Nf6 2. c4 g6 3. Nc3 Bg7 4. e4 d6 5. Nge2 c5 6. d5 0-0 7. Ng3 e6 8. Be2 exd5 9. cxd5 Re8 10. 0-0 a6 11. a4 b6 12. f4 Nbd7 13. f5 Ne5 14. h4 Nfg4 15. Bg5 f6 16. Bxg4 fxg5 17. h5 Ra7 18. Qe2 Qe7 19. Rae1 b5 20. axb5 axb5 21. hxg6 hxg6 22. Nd1 b4 23. Ne3 Ba6 24. Qd1 Bxf1 25. Rxf1 Nxg4 26. Qxg4 Bd4 27. Rf3 Qf6 28. fxg6 Bxe3+ 29. Rxe3 Qf4 30. Qe2 Ra1+ 31. Nf1 Rxf1+ 32. Qxf1 Qxe3+ 33. Kh2 Rf8 0-1

[Event "Groningen Harmonie op-B"]
[Site "Groningen"]
[Date "2007.12.26"]
[Round "5"]
[White "Jelic, Bruno"]
[Black "Romijn, Bart"]
[Result "1-0"]
[WhiteElo "2064"]
[BlackElo "1880"]
[PlyCount "57"]
[EventDate "2007.12.21"]
[EventType "swiss"]
[EventRounds "9"]
[EventCountry "NED"]
[SourceTitle "CBM 121 Extra"]
[Source "ChessBase"]
[SourceDate "2008.01.10"]
[SourceVersion "1"]
[SourceVersionDate "2008.01.10"]
[SourceQuality "1"]

1. d4 Nf6 2. c4 e5 3. dxe5 Ng4 4. Nf3 Nc6 5. Bf4 Bb4+ 6. Nbd2 Qe7 7. a3 Ngxe5 8. Nxe5 Nxe5 9. e3 Bxd2+ 10. Qxd2 d6 11. Be2 0-0 12. 0-0 a5 13. b4 axb4 14. axb4 Be6 15. c5 Rxa1 16. Rxa1 Qf6 17. Qd4 Rd8 18. cxd6 cxd6 19. Ra7 Rc8 20. h3 h6 21. Qxd6 Ng6 22. Rxb7 Rc1+ 23. Kh2 Qa1 24. Rb8+ Kh7 25. Qd8 Rh1+ 26. Kg3 f6 27. Bd3 f5 28. Bxf5 Qg1 29. Qh8# 1-0

[Event "Hoogeveen Essent op"]
[Site "Hoogeveen"]
[Date "2005.10.26"]
[Round "6"]
[White "Jelic, Bruno"]
[Black "Doggers, Peter"]
[Result "0-1"]
[WhiteElo "2104"]
[BlackElo "2239"]
[PlyCount "74"]
[EventDate "2005.10.21"]
[EventType "swiss"]
[EventRounds "9"]
[EventCountry "NED"]
[SourceTitle "EXT 2006"]
[Source "ChessBase"]
[SourceDate "2005.11.24"]
[SourceVersion "1"]
[SourceVersionDate "2005.11.24"]
[SourceQuality "1"]

1. d4 Nf6 2. c4 g6 3. Nc3 Bg7 4. e4 d6 5. Nge2 a6 6. Ng3 c6 7. a4 a5 8. Be2 0-0 9. h4 e5 10. d5 Na6 11. h5 Nc5 12. Ra3 Qb6 13. Be3 Qb4 14. Kf1 cxd5 15. exd5 Bd7 16. Qc2 Ne8 17. Nb5 e4 18. Bd2 Qxb2 19. Qxb2 Bxb2 20. Ra2 Be5 21. Be3 f5 22. hxg6 hxg6 23. Kg1 Rf7 24. Nf1 Bxb5 25. axb5 b6 26. Nd2 Rh7 27. Rxh7 Kxh7 28. f3 Nf6 29. Bxc5 dxc5 30. fxe4 fxe4 31. Ra3 Bb2 32. Ra2 a4 33. Nb1 a3 34. Nd2 Kg7 35. Kf2 Rf8 36. Nb1 Nxd5+ 37. Ke1 Nb4 0-1

[Event "Staunton CC King´s Gambit theme-D"]
[Site "Groningen"]
[Date "2002.09.07"]
[Round "3"]
[White "Koole, Bauke"]
[Black "Jelic, Bruno"]
[Result "1-0"]
[WhiteElo "1762"]
[BlackElo "2047"]
[PlyCount "55"]
[EventDate "2002.09.??"]
[EventType "tourn"]
[EventRounds "3"]
[EventCountry "NED"]
[SourceTitle "CBM 090 Extra"]
[Source "ChessBase"]
[SourceDate "2002.11.07"]
[SourceVersion "1"]
[SourceVersionDate "2002.11.07"]
[SourceQuality "1"]

1. e4 e5 2. f4 exf4 3. Nf3 g5 4. h4 g4 5. Ne5 h5 6. Bc4 Nh6 7. d4 d6 8. Nd3 Be7 9. Bxf4 Nc6 10. c3 Bf6 11. Qd2 Bg7 12. Qf2 Qe7 13. 0-0 f6 14. Nd2 Bd7 15. g3 0-0-0 16. d5 Nb8 17. Qxa7 f5 18. e5 dxe5 19. Nc5 Qxc5+ 20. Qxc5 exf4 21. gxf4 Bf6 22. a4 Bxh4 23. a5 Rde8 24. a6 bxa6 25. d6 Bc6 26. Bxa6+ Kd7 27. dxc7 Nxa6 28. Rxa6 1-0

[Event "Staunton CC King´s Gambit theme-D"]
[Site "Groningen"]
[Date "2002.09.06"]
[Round "1"]
[White "Spaans, Rob"]
[Black "Jelic, Bruno"]
[Result "1-0"]
[WhiteElo "1789"]
[BlackElo "2047"]
[PlyCount "47"]
[EventDate "2002.09.??"]
[EventType "tourn"]
[EventRounds "3"]
[EventCountry "NED"]
[SourceTitle "CBM 090 Extra"]
[Source "ChessBase"]
[SourceDate "2002.11.07"]
[SourceVersion "1"]
[SourceVersionDate "2002.11.07"]
[SourceQuality "1"]

1. e4 e5 2. f4 exf4 3. Nf3 g5 4. Bc4 d6 5. Nc3 Bg7 6. 0-0 Be6 7. Bxe6 fxe6 8. Nb5 Na6 9. Nfd4 Qe7 10. Qh5+ Kd7 11. Nxe6 Qxe6 12. Qxg5 Bh6 13. Qh4 c6 14. Nd4 Qg6 15. Qh3+ Ke8 16. Nf5 Bg5 17. d3 Ne7 18. Bxf4 Nxf5 19. exf5 Qh6 20. Qe3+ Kd7 21. Bxg5 Qg7 22. Qe6+ Kc7 23. Bf6 Qxg2+ 24. Kxg2 1-0

[Event "Groningen Harmonie op-A"]
[Site "Groningen"]
[Date "2002.??.??"]
[Round "1.6"]
[White "Hoeksema, Hendrik Pieter"]
[Black "Jelic, Bruno"]
[Result "1-0"]
[WhiteElo "2367"]
[BlackElo "2047"]
[PlyCount "77"]
[EventDate "2002.12.21"]
[EventType "swiss"]
[EventRounds "9"]
[EventCountry "NED"]
[SourceTitle "EXT 2004"]
[Source "ChessBase"]
[SourceDate "2003.11.25"]
[SourceVersion "1"]
[SourceVersionDate "2003.11.25"]
[SourceQuality "1"]

1. e4 c5 2. Nf3 d6 3. d4 cxd4 4. Nxd4 Nf6 5. Nc3 a6 6. Be3 e5 7. Nb3 Be6 8. f3 h5 9. Be2 Nbd7 10. Nd5 Nxd5 11. exd5 Bf5 12. c4 b6 13. 0-0 g5 14. Bd3 Qf6 15. Bxf5 Qxf5 16. Nd2 Be7 17. b4 Qg6 18. Qa4 Qd3 19. Qb3 Qg6 20. a4 f5 21. a5 bxa5 22. Rxa5 f4 23. Bf2 g4 24. Qb1 Qg7 25. Qf5 gxf3 26. Nxf3 h4 27. Kh1 Rg8 28. Rg1 Nf6 29. h3 e4 30. Nd4 Qg5 31. Qxg5 Rxg5 32. Ne6 e3 33. Bxh4 Rh5 34. Bxf6 Bxf6 35. Nc7+ Kd7 36. Nxa8 Be5 37. Ra3 f3 38. Rxe3 fxg2+ 39. Rxg2 1-0

[Event "Groningen SO ON op A"]
[Site "Groningen"]
[Date "2001.??.??"]
[Round "1.4"]
[White "Roobol, Martin"]
[Black "Jelic, Bruno"]
[Result "1-0"]
[WhiteElo "2303"]
[BlackElo "1987"]
[PlyCount "68"]
[EventDate "2001.12.22"]
[EventType "swiss"]
[EventRounds "9"]
[EventCountry "NED"]
[SourceTitle "EXT 2003"]
[Source "ChessBase"]
[SourceDate "2002.11.25"]
[SourceVersion "1"]
[SourceVersionDate "2002.11.25"]
[SourceQuality "1"]

1. e4 c5 2. Nf3 d6 3. c3 Nf6 4. h3 g6 5. Be2 Bg7 6. 0-0 0-0 7. d3 Nc6 8. Re1 e5 9. Bf1 d5 10. Nbd2 h6 11. a3 d4 12. cxd4 cxd4 13. b4 Nh5 14. Nb3 Qf6 15. g3 Kh7 16. Bd2 Rg8 17. Rc1 Bf8 18. Nh2 Bg7 19. Rc2 Qd8 20. Qe2 Qe8 21. Bg2 a6 22. Rec1 Rf8 23. Nc5 Nf6 24. Nf3 Nd7 25. Nxa6 Rxa6 26. b5 Rxa3 27. bxc6 bxc6 28. Bb4 Rb3 29. Bxf8 Bxf8 30. Rxc6 Nb6 31. Qa2 Be6 32. Qa7 Nd7 33. Bf1 Ra3 34. Qb7 Qe7 1-0